ARRUPE JESUIT UNIVERSITY

CORONAVIRUS -STOP THE SPREAD - CLEAN,DISINFECT,COVER

Ancestral passions : (Record no. 128671)

MARC details
000 -LEADER
fixed length control field 01462cam a2200349 a 4500
001 - CONTROL NUMBER
control field 3505067
003 - CONTROL NUMBER IDENTIFIER
control field ARRUPE
005 - DATE AND TIME OF LATEST TRANSACTION
control field 20181129120456.0
008 - FIXED-LENGTH DATA ELEMENTS--GENERAL INFORMATION
fixed length control field 950323s1995 nyua b 001 0ceng
010 ## - LIBRARY OF CONGRESS CONTROL NUMBER
LC control number 95014306
020 ## - INTERNATIONAL STANDARD BOOK NUMBER
International Standard Book Number 0684801922
040 ## - CATALOGING SOURCE
Original cataloging agency DLC
Transcribing agency DLC
Modifying agency DLC
-- CSfA
-- DLC
043 ## - GEOGRAPHIC AREA CODE
Geographic area code f-tz---
-- e-uk---
050 00 - LIBRARY OF CONGRESS CALL NUMBER
Classification number GN50.6.L43
Item number M67 1995
082 00 - DEWEY DECIMAL CLASSIFICATION NUMBER
Classification number 573/.092/2
-- B
Edition number 20
300 ## - PHYSICAL DESCRIPTION
Other physical details ill. ;
Dimensions 25 cm.
100 1# - MAIN ENTRY--PERSONAL NAME
Personal name Morell, Virginia.
9 (RLIN) 43689
245 10 - TITLE STATEMENT
Title Ancestral passions :
Remainder of title the Leakey family and the quest for humankind's beginnings /
Statement of responsibility, etc Virginia Morell.
260 ## - PUBLICATION, DISTRIBUTION, ETC. (IMPRINT)
Place of publication, distribution, etc New York :
Name of publisher, distributor, etc Simon & Schuster,
Date of publication, distribution, etc c1995.
300 ## - PHYSICAL DESCRIPTION
Extent 638 p. :
504 ## - BIBLIOGRAPHY, ETC. NOTE
Bibliography, etc Includes bibliographical references (p. 609-617) and index.
600 10 - SUBJECT ADDED ENTRY--PERSONAL NAME
Personal name Leakey, L. S. B.
Fuller form of name (Louis Seymour Bazett),
Dates associated with a name 1903-1972.
9 (RLIN) 10272
600 10 - SUBJECT ADDED ENTRY--PERSONAL NAME
Personal name Leakey, Mary D.
Fuller form of name (Mary Douglas),
Dates associated with a name 1913-1996.
9 (RLIN) 43690
600 10 - SUBJECT ADDED ENTRY--PERSONAL NAME
Personal name Leakey, Richard E.
9 (RLIN) 36220
650 #0 - SUBJECT ADDED ENTRY--TOPICAL TERM
Topical term or geographic name as entry element Physical anthropologists
Geographic subdivision Tanzania
-- Olduvai Gorge
Form subdivision Biography.
9 (RLIN) 43691
650 #0 - SUBJECT ADDED ENTRY--TOPICAL TERM
Topical term or geographic name as entry element Physical anthropologists
Geographic subdivision Great Britain
Form subdivision Biography.
9 (RLIN) 43692
650 #0 - SUBJECT ADDED ENTRY--TOPICAL TERM
Topical term or geographic name as entry element Fossil hominids
Geographic subdivision Tanzania
-- Olduvai Gorge.
9 (RLIN) 43693
650 #0 - SUBJECT ADDED ENTRY--TOPICAL TERM
Topical term or geographic name as entry element Excavations (Archaeology)
Geographic subdivision Tanzania
-- Olduvai Gorge.
9 (RLIN) 43694
651 #0 - SUBJECT ADDED ENTRY--GEOGRAPHIC NAME
Geographic name Olduvai Gorge (Tanzania)
General subdivision Antiquities.
9 (RLIN) 43695
906 ## - LOCAL DATA ELEMENT F, LDF (RLIN)
a 7
b cbc
c orignew
d 1
e ocip
f 19
g y-gencatlg
942 ## - ADDED ENTRY ELEMENTS (KOHA)
Source of classification or shelving scheme Library of Congress Classification
Koha item type Monograph ( Printed materials)
Holdings
Withdrawn status Lost status Source of classification or shelving scheme Damaged status Not for loan Collection code Home library Current library Shelving location Date acquired Total Checkouts Full call number Barcode Date last seen Price effective from Koha item type
    Library of Congress Classification     Main Collection ARRUPE LIBRARY ARRUPE LIBRARY Main Collection 29/11/2018   GN50.6.L43 M67 1995 46600002691 29/11/2018 29/11/2018 Monograph ( Printed materials)

 

Arrupe Library. PO Box MP320 Mt Pleasant, Harare, Zimbabwe
263 242 745411|librarian@aju.ac.zw